000 00667nam a2200241Ia 4500
005 20260430150650.0
008 008 250103s9999 xx 000 0 eng d
037 _aTheses
040 _aCRL
040 _beng
040 _ceng
041 _2eng
041 _aeng
084 _qCRL
100 _aKakati Praachi Au.; Awasthi Satish Kumar Gu.
_91238148
245 0 _aDesign and Synthesis of Diversified Ionic Liquids for its Applications in Organic Reactions
260 _c2023
300 _a254p.
650 _aChemistry
700 _aUniversity of Delhi. Faculty of Science. Deptt. of Chemistry
_91236464
942 _cTH
999 _c1850337
_d1850337